Central Library, Doon University
WEBOPAC (ONLINE PUBLIC ACCESS CATALOGUE)

Entrepreneurship Development And Small Business Enterprises (Record no. 61022)

MARC details
000 -LEADER
fixed length control field 00498nam a22001817a 4500
005 - DATE & TIME
control field 20260604154658.0
008 - FIXED-LENGTH DATA ELEMENTS--GENERAL INFORMATION
fixed length control field 260604b |||||||| |||| 00| 0 eng d
020 ## - ISBN
International Standard Book Number 9789367138014
Price 650.00
040 ## - CATALOGING SOURCE
Original cataloging agency Doon University
041 ## - Language
Language English
082 ## - DDC NUMBER
Classification number 658.421
Book Number CHA
100 ## - MAIN ENTRY--PERSONAL NAME
Personal name Charantimath, Poornima M.
245 ## - TITLE STATEMENT
Title Entrepreneurship Development And Small Business Enterprises
260 ## - PUBLICATION, DISTRIBUTION, ETC. (IMPRINT)
Place of publication, distribution, etc Noida
Name of publisher, distributor, etc Pearson
Date of publication, distribution, etc 2026
300 ## - PHYSICAL DESCRIPTION
Pages 398
650 ## - Subject
Subject Management (PM USHA)
942 ## - ADDED ENTRY ELEMENTS (KOHA)
Koha item type Books
100 ## - MAIN ENTRY--PERSONAL NAME
-- 17769
650 ## - Subject
-- 27020
952 ## - LOCATION AND ITEM INFORMATION (KOHA)
-- 2026-06-04
952 ## - LOCATION AND ITEM INFORMATION (KOHA)
-- 2026-06-04
952 ## - LOCATION AND ITEM INFORMATION (KOHA)
-- 2026-06-04
952 ## - LOCATION AND ITEM INFORMATION (KOHA)
-- 2026-06-04
952 ## - LOCATION AND ITEM INFORMATION (KOHA)
-- 2026-06-04
Holdings
Withdrawn status Lost status Source of classification or shelving scheme Damaged status Not for loan Location (home branch) Sublocation or collection (holding branch) Date acquired Koha full call number Accession No. Koha date last seen Koha item type Koha issues (times borrowed)
        Not For Loan Doon University Doon University 04.06.2026 658.421 CHA 34388 04.06.2026 Reference  
          Doon University Doon University 04.06.2026 658.421 CHA 34389 04.06.2026 Books  
          Doon University Doon University 04.06.2026 658.421 CHA 34390 04.06.2026 Books  
          Doon University Doon University 04.06.2026 658.421 CHA 34391 04.06.2026 Books  
          Doon University Doon University 04.06.2026 658.421 CHA 34392 04.06.2026 Books  
Contact : +91-135-2533126 (Library),+91-135-2533105 (Admin Office) , Email : doonlibrary@gmail.com

Powered by Koha